'C' Cartoon Characters by Picture - Statistics

General Stats
  • This quiz has been taken 64 times
  • The average score is 10 of 30
Answer Stats
Picture Answer % Correct
Captain America
98%
Cinderella
96%
Cruella de Vil
87%
Clifford the Big Red Dog
84%
The Cat in the Hat
78%
Charizard
69%
Cuphead
62%
Crash Bandicoot
53%
Candace Flynn
51%
Chester Cheetah
42%
Cubone
40%
Cap'n Crunch
36%
Count Chocula
33%
Cyndaquil
29%
Chain Chomp
22%
Cream the Rabbit
18%
Charlie Morningstar
16%
Cranky Kong
16%
Chilli Heeler
15%
Chilly Willy
13%
Clawdeen Wolf
13%
Carmilla Carmine
9%
Clayton
9%
Cricket Green
9%
Cheetara
7%
Cherri Bomb
7%
Chunky Kong
7%
Cozy Glow
5%
Coco Bandicoot
4%
Cut Man
2%
No matching quizzes found
Score Distribution
Percent of People with Each Score
Percentile by Number Answered
Your Score History
You have not taken this quiz